000
00313nam a22001337a 4500
008
171030b xxu||||| |||| 00| 0 eng d
020
_a
9780071287722
041
_a
eng
080
_2
2ND
_a
336
100
_a
56
101
_a
FIN
245
_a
MONEY,BANKING AND FINANCIAL MARKETS
_c
CECCHETTI,S.G
942
_2
udc
_c
BK
999
_c
36308
_d
36308